000
00282nam a2200097Ia 4500
005
20251222152003.0
008
251222s9999||||xx |||||||||||||| ||spa||
082
_a
630.1/I59/V.15
245
0
_a
"III Censo Nacional Agropecuario, perfil agropecuario: Departamento de Lima "
942
_c
LIB
999
_c
24615
_d
24615